[Event "Del Sur U2400 Hybrid op 5th"]
[Site "Tornelo INT"]
[Date "2022.01.21"]
[Round "5"]
[White "Amezcua Luria, Jesus"]
[Black "Cruz Ahumada, Samuel"]
[Result "1/2-1/2"]
[WhiteElo "2001"]
[BlackElo "1940"]
[PlyCount "36"]
[EventDate "2022.01.21"]
[EventType "swiss"]
[EventRounds "6"]
[EventCountry "VEN"]
[SourceTitle "EXT 2023"]
[Source "ChessBase"]
[SourceDate "2022.10.05"]
[SourceVersion "1"]
[SourceVersionDate "2022.10.05"]
[SourceQuality "1"]

1. d4 g6 2. c4 Bg7 3. Nc3 c5 4. d5 d6 5. e4 Nf6 6. Be2 0-0 7. Nf3 Bg4 8. Nd2 Bxe2 9. Qxe2 e5 10. g4 Nbd7 11. Nf1 h5 12. h3 a6 13. Ng3 h4 14. Nf1 Nh7 15. Nh2 g5 16. Nf1 Re8 17. Ne3 Ndf8 18. Nf5 Ng6 1/2-1/2